Statistics for Edmonton Trivia

Click here to take the quiz!

General Stats

  • This quiz has been taken 83 times
  • The average score is 13 of 21

Answer Stats

HintAnswer% Correct
This Was the Largest Shopping Mall in the World When it Opened in 1981West Edmonton Mall
99%
The Edmonton Football Team was Previously Called what Prior to 2020?Eskimos
97%
River that Runs Through the CityNorth Saskatchewan River
87%
"The Great One"Wayne Gretzky
84%
3 People Die on this Type of Ride at Galaxyland in 1986Roller Coaster
81%
National Park Located About a 30 Minute Drive Outside the CityElk Island National Park
75%
This Ripped Through Eastern Parts of the City in 1987, Spawning the "City of Champions" Nickname in Response to ItTornado
74%
In 2016, Rogers Place Opens in this "District" in DowntownIce District
71%
Muttart Conservatory is a Botanical Garden Complex with Greenhouses in the Shape of ThesePyramids
71%
Lead Actor in "Back to the Future"Michael J. Fox
65%
Leduc No. 1 was a Major Discovery of what?Crude Oil
63%
Oldest and Most Circulated NewspaperEdmonton Journal
56%
Historic Shopping and Entertainment Strip in Old StrathconaWhyte Avenue
54%
This Soccer Phenom Signed with Bayern Munich in 2018Alphonso Davies
51%
In 2003, Commonwealth Stadium Hosts this NHL Event, the First of it's KindHeritage Classic
51%
Following the Decommissioning of the City Centre Airport in 2013, Skyscrapers Could Finally be Built, Including this 251m "Tower", Edmonton's TallestStantec Tower
41%
Grand Railway Hotel Located at 100 Street NWHotel Macdonald
35%
Lead Actor in 2002 Space Western "Firefly"Nathan Fillion
34%
In 1938, this Sacred Building is Completed, the First in CanadaMosque
31%
This Operated on the High Level Bridge a few Times per Year from 1980 until It was Turned Off in 2009Great Divide Waterfall
29%
From 2005-2012 this Annual Event took place at the City Centre AirportEdmonton Indy
13%

Score Distribution

Percentile by Number Answered

Percent of People with Each Score

Your Score History

You have not taken this quiz